| 000 | 00851nam a22002657a 4500 | ||
|---|---|---|---|
| 999 |
_c69856 _d69856 |
||
| 005 | 20221216105131.0 | ||
| 008 | |||
| 010 | _aENG-105839 ENG-135884 | ||
| 020 |
_a9789380740034 _c495.00 |
||
| 035 | _aEN-89372 | ||
| 035 | _aEN-119416 | ||
| 037 | _bDBAD/PUB | ||
| 040 |
_aDPL _bEnglish |
||
| 082 |
_a629.222 _222 |
||
| 100 | 1 |
_aBijoy Kumar;Y. _952174 |
|
| 245 | 1 | 0 |
_aInstant carma : _bfrom the Tata Nano to the Lamborghini Gallardo / _cby Bijoy Kumar Y. |
| 260 |
_aNew Delhi _bBS Books _c2011 |
||
| 270 |
_aNehru House, 4 Bahadur Shah Zafar Marg _bNew Delhi _e110002 |
||
| 300 |
_axiii, 171p. : _bcol. ill. _c21cm(Hb) |
||
| 650 | 0 |
_aAutomobiles _952175 |
|
| 650 | 0 |
_aAutomobiles _vPictorial works _952176 |
|
| 650 | 0 |
_aAntique and classic cars _952177 |
|
| 942 |
_2ddc _cEN _h629.222 _mBIJ |
||